000 00510nam a22001817a 4500
999 _c59680
_d59680
003 Ge_BSU
005 20230519123327.0
008 230331s2010 enk||||| |||| 00| 0 eng d
020 _a9780415499125x
041 _aeng
080 _a364 D-69
100 _aDoel, Mark
_917295
245 _aSocial Work Placements:
_bA Traveller's Guide /
_cDoel, Mark.
264 _aLondon :
_bRoutledge,
_c2010.
300 _a241 p.;
_b25 cm.
653 _aსოციალი სამსახური
942 _2udc
_cBK